| 000 | 01457cam a22003251i 4500 | ||
|---|---|---|---|
| 003 | SA-RiAUC | ||
| 005 | 20250917120659.0 | ||
| 008 | 250915s1983 jo g b 00000 ara c | ||
| 040 |
_aSA-RiAUC _bara _cSA-RiAUC _erda |
||
| 082 | 0 | 4 |
_a415.1 _qSA-RiAUC |
| 090 |
_a415.1 _bم ز ن |
||
| 100 | 1 |
_aالمزني، علي بن الفضل المزني، _dتوفي قرن 3 هجري _eمؤلف. |
|
| 245 | 1 | 2 |
_aالحروف / _cأبو الحسين المزني ؛ حققه وعلق وقدم له محمود حسني محمود، محمد حسن عواد. |
| 250 | _aالطبعة الأولى. | ||
| 264 | 1 |
_aعمان، الأردن : _bدار الفرقان للنشر والتوزيع، _c1983 |
|
| 300 |
_a165 صفحة ؛ _c24 سم |
||
| 336 |
_aنص _btxt _2rdacontent _3كتاب |
||
| 337 |
_aبدون وسيط _bn _2rdamedia |
||
| 338 |
_aمجلد _bnc _2rdacarrier |
||
| 500 | _aيشتمل على ملاحق. | ||
| 504 | _aببليوجرافية : صفحة 155-165. | ||
| 650 | 7 |
_aاللغة العربية _xنحو _2aucsh |
|
| 650 | 7 |
_aالأبجدية العربية _2aucsh |
|
| 700 | 1 |
_aمحمود، محمود حسني _eمحقق. |
|
| 700 | 1 |
_aعواد، محمد حسن قاسم، _d1902-1980 _eمحقق. |
|
| 700 | 1 | 2 |
_iتحقيق لـ (عمل) : _aالمزني، علي بن الفضل المزني، _dتوفي قرن 9. _tالحروف. |
| 942 |
_2ddc _cBOOK _n0 |
||
| 949 |
_aSA-JeALM _d250915 _umohamedma123 _n1 |
||
| 999 |
_c11841 _d11841 |
||